[Event "3rd Georgi Agzamov Mem"]
[Site "Tashkent AZE"]
[Date "2009.03.18"]
[Round "3"]
[White "Tseshkovsky,V"]
[Black "Karimov,I"]
[Result "1-0"]
[WhiteElo "2542"]
[BlackElo "2358"]

1.e4 d6 2.d4 g6 3.Nc3 Bg7 4.f4 c6 5.Nf3 Bg4 6.Be3 d5 7.e5 e6 8.h3 Bxf3 9.Qxf3 h5
10.g3 f5 11.O-O-O Nd7 12.Kb1 Qe7 13.Bd3 Nh6 14.Na4 b5 15.Nc5 Nxc5 16.dxc5 a5
17.Rhg1 Kd7 18.Be2 Kc7 19.Bd4 Nf7 20.g4 hxg4 21.hxg4 Nh6 22.gxf5 Nxf5 23.Bf2 Rh6
24.a4 b4 25.c3 bxc3 26.Qxc3 Kd7 27.Bd3 Ke8 28.Rg2 Kf7 29.Rdg1 Qb7 30.Bxf5 exf5
31.Bd4 Bf8 32.e6+ Kxe6 33.Rxg6+ Rxg6 34.Rxg6+ Kd7 35.Qd3 Re8 36.Qxf5+ Kd8
37.Qf6+ Kc8 38.Qxc6+ Qxc6 39.Rxc6+ Kd7 40.Rg6 Re1+ 41.Kc2 Be7 42.c6+ Ke8
43.Rg8+ Kf7 44.c7  1-0

[Event "3rd Georgi Agzamov Mem"]
[Site "Tashkent AZE"]
[Date "2009.03.18"]
[Round "3"]
[White "Shaymuratov,I"]
[Black "Dzhumaev,M"]
[Result "0-1"]
[WhiteElo "2220"]
[BlackElo "2529"]

1.e4 g6 2.d4 Bg7 3.Nc3 d6 4.f4 a6 5.Nf3 b5 6.a3 Bb7 7.Bd3 Nd7 8.e5 Nh6 9.Qe2 Nb6
10.Ng5 Qc8 11.Nce4 O-O 12.h4 c5 13.c3 cxd4 14.cxd4 f5 15.Ng3 dxe5 16.dxe5 Qc6
17.Nf3 Rfd8 18.Bd2 Rac8 19.Rd1 Nc4 20.Bb4 Bf8 21.Bxc4+ bxc4 22.h5 Rd3 23.hxg6 hxg6
24.Rxd3 cxd3 25.Qxd3 Qc1+ 26.Ke2 Qxf4 27.Qb3+ Nf7 28.Nh4 Qxe5+ 29.Kd1 Bd5
30.Qd3 Qxb2 31.Bd2 Bb3+ 32.Ke1 Ne5 33.Qxa6 Rc1+ 34.Bxc1 Qxc1+ 35.Ke2 Ng4  0-1

[Event "TCh-AUT 1st Bundesliga 2008-9"]
[Site "Ansfelden AUT"]
[Date "2009.03.19"]
[Round "8"]
[White "Atlas,V"]
[Black "Tkaczuk,R"]
[Result "1/2-1/2"]
[WhiteElo "2431"]
[BlackElo "2271"]

1.e4 g6 2.d4 Bg7 3.Nc3 d6 4.Be3 Nf6 5.f3 c6 6.g4 h5 7.g5 Nfd7 8.Qd2 b5 9.f4 Nb6
10.b3 a5 11.Nf3 Bg4 12.Bg2 b4 13.Ne2 d5 14.e5 e6 15.O-O N8d7 16.h3 Bf5 17.Nh4 Bf8
18.Ng3 Be7 19.Ngxf5 gxf5 20.Qe2 Nf8 21.Bf3 Ng6 22.Ng2 h4 23.Bh5 Rc8 24.Bf2 c5
25.Kh2 Nd7 26.Bxh4 cxd4 27.Bf2 Bc5 28.Bf3 Qc7 29.Rad1 Ke7 30.h4 Ba7 31.h5 Qxc2
32.Rd2 Qc7 33.Bxd4 Bxd4 34.Rxd4 Rcg8 35.Re1 Qb8 36.Kg1 Ngxe5 37.fxe5 Rxg5
38.Qe3 Rhg8 39.h6 f4 40.Qxf4 Nxe5 41.h7 Nxf3+ 42.Qxf3 Rxg2+ 43.Qxg2 Rxg2+
44.Kxg2 Qh8 45.Rh4 Qg7+ 46.Kh2 Qf6 47.Rxe6+ Kxe6 48.h8=Q Qf2+ 49.Kh3 Qf3+
50.Kh2 Qf2+ 51.Kh3  1/2-1/2

[Event "25th Spring Festival"]
[Site "Budapest HUN"]
[Date "2009.03.20"]
[Round "1"]
[White "Kormos,Ad"]
[Black "Izso,I"]
[Result "1-0"]
[WhiteElo "2176"]
[BlackElo "1846"]

1.e4 g6 2.d4 Bg7 3.Nc3 d6 4.h3 Nf6 5.Bc4 O-O 6.Bb3 Nc6 7.Nf3 e5 8.O-O h6
9.Be3 a6 10.a4 b6 11.Qd2 Kh7 12.Rad1 Qe8 13.Bd5 Nxd5 14.Nxd5 Ra7 15.Bxh6 f6
16.Bxg7 Kxg7 17.dxe5 dxe5 18.Qe3 Rb7 19.Rd3 Be6 20.Rfd1 Qf7 21.c3 Rbb8 22.Nh4 Rh8
23.Qg3 Rh5 24.Nxc7 Rg5 25.Nxe6+ Qxe6 26.Rd7+ Ne7 27.Qe3 Kf7 28.R1d6 Qb3 29.Qf3 f5
30.exf5 gxf5 31.Nxf5  1-0

[Event "10th Dos Hermanas Internet"]
[Site "ICC INT"]
[Date "2009.03.20"]
[Round "2.6"]
[White "Zinchenko,Ya"]
[Black "Sargissian,G"]
[Result "1-0"]
[WhiteElo "2527"]
[BlackElo "2678"]

1.e4 g6 2.d4 Bg7 3.Nc3 d6 4.Be3 Nc6 5.h3 e5 6.d5 Nce7 7.g4 f5 8.gxf5 gxf5
9.Nf3 Nf6 10.Rg1 O-O 11.Bh6 Ng6 12.Bxg7 Kxg7 13.Bd3 fxe4 14.Nxe4 Kh8 15.Nfg5 Nxe4
16.Bxe4 Qf6 17.Qd2 Bf5 18.Bxf5 Qxf5 19.Ne6 Rf7 20.O-O-O Qxf2 21.Qh6 Qf6 22.Kb1 Rg8
23.a3 Nf4 24.Rxg8+ Kxg8 25.Rg1+ Kh8 26.Ng5 Nxd5 27.Nxf7+ Qxf7 28.Qg5 Ne7
29.h4 a5 30.h5 a4 31.Qg4 Ng8 32.Qxa4 Qxh5 33.Qd7 Qh6 34.Qe8  1-0

[Event "TCh-BEL 2008-9"]
[Site "Belgium BEL"]
[Date "2009.03.22"]
[Round "11"]
[White "Geenen,M"]
[Black "Vandenbussche,T"]
[Result "1-0"]
[WhiteElo "2316"]
[BlackElo "2285"]

1.e4 g6 2.d4 Bg7 3.Nc3 d6 4.f4 a6 5.Nf3 b5 6.Bd3 Nd7 7.Be3 Bb7 8.Qe2 b4 9.Nd1 Ngf6
10.Nf2 c5 11.c3 O-O 12.O-O bxc3 13.bxc3 Qc7 14.Rab1 c4 15.Bc2 Rab8 16.Nd2 Rfc8
17.Rb4 a5 18.Rbb1 e5 19.fxe5 dxe5 20.Nf3 Nh5 21.Ng4 Re8 22.dxe5 Nxe5 23.Nfxe5 Bxe5
24.Nh6+ Kh8 25.Nxf7+ Kg8 26.Nh6+ Kh8 27.Nf7+ Kg8 28.Nxe5 Rxe5 29.Bb6 Qc6
30.Qf3 Re7 31.Bd4 Ng7 32.Rb6 Qc7 33.Rfb1 Rf8 34.Rxb7 Qxb7 35.Rxb7 Rxb7 36.Qe2 Rb2
37.Qxc4+ Kh8 38.Qc7 Rg8 39.Bb3  1-0

[Event "3rd Georgi Agzamov Mem"]
[Site "Tashkent AZE"]
[Date "2009.03.23"]
[Round "8"]
[White "Filippov,An UZB"]
[Black "Tseshkovsky,V"]
[Result "1/2-1/2"]
[WhiteElo "2558"]
[BlackElo "2542"]

1.e4 d6 2.d4 g6 3.Nc3 Bg7 4.Nf3 Nf6 5.Be2 O-O 6.O-O a6 7.a4 a5 8.Bg5 h6 9.Bf4 Nc6
10.h3 Kh7 11.Re1 Nd7 12.Be3 e6 13.Bc4 Ne7 14.Qd2 b6 15.Rad1 Bb7 16.Bf4 Nf6
17.Bh2 Nxe4 18.Nxe4 Bxe4 19.Rxe4 d5 20.Bxd5 Qxd5 21.Re3 Qd7 22.b3 Rad8 23.Be5 f6
24.Bh2 Rfe8 25.Rd3 Ra8 26.Qe2 h5 27.Re1 Bh6 28.c4  1/2-1/2

[Event "Open A"]
[Site "Zagreb CRO"]
[Date "2009.03.23"]
[Round "3"]
[White "Zivkovic,Vj"]
[Black "Sale,S"]
[Result "1-0"]
[WhiteElo "2419"]
[BlackElo "2385"]

1.e4 g6 2.d4 Bg7 3.Nc3 d6 4.Be3 c6 5.Qd2 Nd7 6.Nf3 b5 7.Bd3 Ngf6 8.Bh6 O-O
9.Bxg7 Kxg7 10.O-O e5 11.Ne2 Qb6 12.a4 Bb7 13.a5 Qc7 14.Ng3 a6 15.c3 Rae8
16.Rfe1 h6 17.b4 Re7 18.Nh4 Ng8 19.f4 c5 20.bxc5 dxc5 21.fxe5 b4 22.e6 Rxe6
23.d5 Rf6 24.cxb4 cxb4 25.Qxb4 Ne5 26.Qd4 Kh7 27.Rac1 Qe7 28.Be2 Rd6 29.Nf3 Nc6
30.Qc3 Na7 31.Qc7 Rd7 32.Qc5 Qxc5+ 33.Rxc5 Nf6 34.Rec1 Ne8 35.Bd1 Nb5 36.Ba4 f5
37.Bxb5 axb5 38.Ne5 Re7 39.Nc6 Bxc6 40.dxc6 f4 41.c7 Nd6 42.e5 Nc8 43.Ne4 b4
44.Nd6  1-0

[Event "25th Spring Festival"]
[Site "Budapest HUN"]
[Date "2009.03.25"]
[Round "6"]
[White "Styazhkina,A"]
[Black "Radnai,A"]
[Result "1-0"]
[WhiteElo "1926"]
[BlackElo "2286"]

1.e4 g6 2.d4 Bg7 3.Nc3 d6 4.Be3 a6 5.f4 b5 6.Bd3 e5 7.fxe5 dxe5 8.d5 Qh4+
9.Bf2 Qg5 10.Qf3 h5 11.Be3 Qe7 12.h3 Nh6 13.Nge2 Bb7 14.O-O Nd7 15.a3 O-O
16.Ng3 h4 17.Nh1 c6 18.dxc6 Bxc6 19.Nf2 Nf5 20.Ne2 Nxe3 21.Qxe3 f5 22.Nc3 Kh7
23.Nh1 Bh6 24.Qe2 Qc5+ 25.Nf2 Rf6 26.Kh1 Rg8 27.exf5 Bxg2+ 28.Kxg2 gxf5+
29.Kh1 Rg3 30.Rg1 Qc6+ 31.Nce4 Re3 32.Qh5 Nc5 33.Rae1 fxe4 34.Nxe4 Rxh3+
35.Kg2 Nxd3 36.cxd3 Rxd3 37.Kh2 Rg6 38.Ref1 Rd7 39.Rxg6 Qc2+ 40.Rf2  1-0

[Event "Open B"]
[Site "Zagreb CRO"]
[Date "2009.03.25"]
[Round "5"]
[White "Petrusic,T"]
[Black "Gabre,Z"]
[Result "1/2-1/2"]
[WhiteElo "2028"]
[BlackElo "2145"]

1.e4 g6 2.d4 Bg7 3.Nc3 d6 4.Be3 b6 5.Qd2 Bb7 6.f3 Nd7 7.O-O-O c5 8.Nge2 a6
9.Kb1 Qc7 10.h4 h5 11.g3 e6 12.Nc1 Ne7 13.f4 b5 14.dxc5 dxc5 15.Nb3 c4 16.Na5 Bc8
17.Bg2 Qxa5 18.e5 Rb8 19.Ba7 Qc7 20.Bxb8 Qxb8 21.Ne4 Nf5 22.Bh3 O-O 23.g4 hxg4
24.Bxg4 Bb7 25.Bxf5 exf5 26.Qxd7 Bxe4 27.Rhg1 b4 28.Ka1 Bxc2 29.Rc1 Rd8 30.Qe7 b3
31.h5 Re8 32.Qc5 Rc8 33.Qe3 Rc6 34.Qc3 a5 35.a3 Qd8 36.Rg3 Qh4 37.hxg6 fxg6
38.Qf3 Be4 39.Qe3 c3 40.Rh3 Qd8 41.bxc3 b2+ 42.Kxb2 Qb8+ 43.Ka2 a4 44.c4 Rxc4
45.Qd2 Bf8 46.Qd7 Qb3+ 47.Rxb3 axb3+ 48.Kb2 Rxc1 49.Qe6+ Kh8 50.Qf6+ Kg8
51.Qxg6+ Kh8 52.Qf6+ Kg8 53.Qg6+ Kh8  1/2-1/2

[Event "Magistral"]
[Site "Mar de Ajo ARG"]
[Date "2009.03.26"]
[Round "4"]
[White "Van Riemsdijk,H"]
[Black "Ginzburg,Ma"]
[Result "1/2-1/2"]
[WhiteElo "2392"]
[BlackElo "2455"]

1.e4 g6 2.d4 Bg7 3.Nc3 d6 4.g3 h5 5.h3 Bd7 6.Nf3 Na6 7.Be3 Qc8 8.Qd2 c6 9.Bg2 b5
10.Ne2 Nf6 11.Ng5 Nh7 12.Nxh7 Rxh7 13.O-O-O Rb8 14.g4 b4 15.f4 Nc7 16.f5 gxf5
17.gxf5 Qa6 18.Kb1 Nb5 19.Rhf1 Qa5 20.Ka1 Rb6 21.c4 bxc3  1/2-1/2

[Event "Open B"]
[Site "Zagreb CRO"]
[Date "2009.03.27"]
[Round "7"]
[White "Petrusic,T"]
[Black "Naglic,M"]
[Result "1/2-1/2"]
[WhiteElo "2028"]
[BlackElo "2180"]

1.e4 g6 2.d4 Bg7 3.Nc3 d6 4.Be3 a6 5.Qd2 b6 6.f3 Bb7 7.h4 h5 8.O-O-O Nd7
9.Kb1 Ngf6 10.Nh3 c5 11.Ng5 cxd4 12.Bxd4 O-O 13.g4 b5 14.gxh5 Nxh5 15.Bxg7 Kxg7
16.Bh3 Kg8 17.Bg4 Ndf6 18.Nd5 Bxd5 19.exd5 Ra7 20.Ne4 Nxe4 21.fxe4 Nf6 22.Qf4 Kg7
23.h5 Rh8 24.hxg6 fxg6 25.Be6 Qf8 26.e5 dxe5 27.Qxe5 Ra8 28.Rdg1 Rxh1 29.Rxh1 Rb8
30.b3 b4 31.Qg5 Nh5 32.Rxh5 Qf1+ 33.Kb2 Qf6+ 34.Qxf6+ exf6 35.Rh4 f5 36.a3 a5
37.c4 bxc3+ 38.Kxc3 Kf6 39.b4 axb4+ 40.Rxb4 Ra8 41.Rb3 Ke5 42.Kd3 g5 43.Ke3 g4
44.Kf2 Ra4 45.Kg3 Kf6 46.Bd7 Rd4 47.Be6 Kg5 48.a4 Rd2 49.Rb4 f4+ 50.Rxf4 Rd3+
51.Rf3 Rxf3+ 52.Kg2 Kf6  1/2-1/2

[Event "25th Spring Festival"]
[Site "Budapest HUN"]
[Date "2009.03.28"]
[Round "9"]
[White "Szoukup,I"]
[Black "Izso,I"]
[Result "1-0"]
[WhiteElo "1793"]
[BlackElo "1846"]

1.e4 g6 2.d4 Bg7 3.Nc3 d6 4.f4 Nf6 5.Nf3 c6 6.a4 a5 7.Be2 Bg4 8.Be3 O-O 9.h3 Bxf3
10.Bxf3 h6 11.Qd2 Kh7 12.O-O-O Nfd7 13.e5 d5 14.g4 e6 15.h4 Rh8 16.h5 Nf8
17.g5 Kg8 18.f5 hxg5 19.Bxg5 f6 20.h6 fxg5 21.hxg7 Kxg7 22.f6+ Kg8 23.Qxg5 Qe8
24.Rxh8+ Kxh8 25.Qh6+  1-0

[Event "Congress Premier"]
[Site "Edinburgh SCO"]
[Date "2009.04.03"]
[Round "1"]
[White "Green,An"]
[Black "McNab,C"]
[Result "1-0"]
[WhiteElo "2215"]
[BlackElo "2472"]

1.e4 g6 2.d4 d6 3.Nc3 Bg7 4.Be3 Nf6 5.Qd2 c6 6.f3 Qa5 7.O-O-O b5 8.Kb1 Nbd7
9.g4 Nb6 10.Qf2 b4 11.Nce2 Nc4 12.Bc1 Be6 13.b3 Na3+ 14.Bxa3 Qxa3 15.Nf4 Bxg4
16.Qe3 Bd7 17.e5 Nd5 18.Nxd5 cxd5 19.exd6 e6 20.h4 O-O 21.h5 Rfc8 22.Rd2 Rc3
23.Bd3 Bb5 24.Ne2 a5 25.hxg6 hxg6 26.Qg5 Be8 27.Qe7 a4 28.d7 Bxd7 29.Nxc3 axb3
30.cxb3 bxc3 31.Qxa3 Rxa3 32.Rdd1 Bxd4 33.Bxg6 Bg7 34.Bc2 Kf8 35.Rh7 Bc6
36.f4 Bf6 37.Rh6 Ke7 38.Rh7 Ra8 39.a4 Rb8 40.Ka2 Rb4 41.f5 e5 42.Ka3 Rf4
43.b4 d4 44.Bb3 Rxf5 45.Rxf7+ Kd6 46.b5 Bd5 47.b6 Be7 48.b7 Rxf7 49.b8=Q+ Kd7+
50.Ka2 Rf2+ 51.Ka1 Ba3  1-0

[Event "TCh-HUN 2008-9"]
[Site "Kazincbarcika HUN"]
[Date "2009.04.05"]
[Round "10"]
[White "Hajnal,Z"]
[Black "Parkanyi,A"]
[Result "1/2-1/2"]
[WhiteElo "2400"]
[BlackElo "2361"]

1.e4 g6 2.d4 Bg7 3.Nc3 d6 4.Be3 a6 5.Qd2 b5 6.f3 Nd7 7.O-O-O Nb6 8.Bd3 c6
9.h4 h5 10.Kb1 Rb8 11.Nh3 Bxh3 12.Rxh3 Nc4 13.Bxc4 bxc4 14.Ka1 d5 15.g4 Qa5
16.g5 e6 17.Bf4 Rb7 18.Be5 Bxe5 19.dxe5 Qb6 20.Na4 Qb5 21.b3 cxb3 22.axb3 Ne7
23.exd5 cxd5 24.Nc3 Qb4 25.Ne2 Qa3+ 26.Kb1 Nf5 27.Nd4 Nxd4  1/2-1/2

[Event "FSIMB April"]
[Site "Budapest HUN"]
[Date "2009.04.10"]
[Round "7"]
[White "Szalanczy,E"]
[Black "Parkanyi,A"]
[Result "1-0"]
[WhiteElo "2295"]
[BlackElo "2315"]

1.e4 g6 2.d4 Bg7 3.Nc3 d6 4.Bg5 a6 5.Qd2 b5 6.O-O-O Nd7 7.f4 Nb6 8.Nf3 c6
9.e5 d5 10.Bd3 Nc4 11.Qf2 Qa5 12.Nd2 Nxd2 13.Qxd2 b4 14.Nb1 Qb6 15.Qf2 Nh6
16.Nd2 Nf5 17.Nb3 h5 18.Rhe1 a5 19.Nc5 a4 20.Bf6 exf6 21.exf6+ Kf8 22.fxg7+ Kxg7
23.Re5 b3 24.a3 bxc2 25.Bxc2 Ra7 26.Rde1 h4 27.Re8 Rxe8 28.Rxe8 Nd6 29.Re1 Bf5
30.Bxf5 Nxf5 31.g4 hxg3 32.hxg3 Qb5 33.Kb1 Qc4 34.Qh2 Qxd4 35.g4 Ne3 36.Rh1 Kf8
37.f5 Qxc5 38.Qe5  1-0

[Event "16th TCh-RUS HL"]
[Site "Dagomys RUS"]
[Date "2009.04.10"]
[Round "9"]
[White "Gabrielian,A"]
[Black "Belov,Ig1"]
[Result "1/2-1/2"]
[WhiteElo "2462"]
[BlackElo "2443"]

1.e4 d6 2.d4 g6 3.Nc3 Bg7 4.Be3 c6 5.f4 b5 6.Bd3 Nd7 7.Nf3 Nb6 8.a4 b4 9.Ne2 a5
10.c3 bxc3 11.Nxc3 Nf6 12.h3 O-O 13.O-O Ba6 14.Bxa6 Rxa6 15.Qe2 Ra8 16.Ng5 e6
17.Kh2 Rb8 18.Rfc1 d5 19.e5 Nfd7 20.b3 Nc8 21.Rab1 Ne7 22.g4 Rb7 23.Nf3 Qb8
24.Qc2 Rc8 25.Bf2 f6 26.exf6 Bxf6 27.Bg3 Qa7 28.Qe2 Nf8 29.Qe3 Rb4 30.Ne2 c5
31.dxc5 Nc6 32.Qf2 Qb7 33.Nc3 Nd4 34.Ne5 Nxb3 35.c6 Qe7 36.Rf1 Nc5 37.Qf3 Ne4  1/2-1/2

[Event "16th TCh-RUS HL"]
[Site "Dagomys RUS"]
[Date "2009.04.10"]
[Round "9"]
[White "Nagibin,G"]
[Black "Zlochevskij,A"]
[Result "1-0"]
[WhiteElo "2386"]
[BlackElo "2501"]

1.d4 g6 2.e4 Bg7 3.Nc3 d6 4.Be3 a6 5.a4 Nf6 6.f3 O-O 7.Nge2 Nbd7 8.g4 c5
9.d5 Ne5 10.Ng3 e6 11.g5 Ne8 12.f4 exd5 13.Nxd5 Nc6 14.c3 Ne7 15.Qd2 Nxd5
16.exd5 Nc7 17.h4 Bg4 18.Bg2 b5 19.O-O Qd7 20.a5 Bh3 21.f5 Bxg2 22.Kxg2 f6
23.h5 fxg5 24.hxg6 hxg6 25.Bxg5 gxf5 26.Nh5 Rf7 27.Kf2 f4 28.Rh1 Re8 29.Rag1 f3
30.Nf6+ Rxf6 31.Bxf6  1-0

[Event "Open"]
[Site "Las Palmas ESP"]
[Date "2009.04.10"]
[Round "7"]
[White "Morales Camacho,J"]
[Black "Torrens Gonzalez,D"]
[Result "1-0"]
[WhiteElo "2302"]
[BlackElo "1889"]

1.d4 g6 2.e4 Bg7 3.Nc3 d6 4.Be3 Nf6 5.h3 O-O 6.Qd2 Nbd7 7.g4 e5 8.d5 Nc5
9.f3 a5 10.Nge2 Bd7 11.Ng3 Kh8 12.Be2 Qe8 13.h4 h5 14.O-O-O b5 15.Rdg1 b4
16.Nd1 Rg8 17.gxh5 Nxh5 18.Nxh5 gxh5 19.Rh2 Bf6 20.Bxc5  1-0

[Event "ch-WLS"]
[Site "Cardiff WLS"]
[Date "2009.04.12"]
[Round "4"]
[White "Kett,T"]
[Black "Bennett,P"]
[Result "1/2-1/2"]
[WhiteElo "2250"]
[BlackElo "2075"]

1.e4 g6 2.d4 Bg7 3.Nc3 d6 4.f4 a6 5.a4 b6 6.Nf3 Bb7 7.Bd3 Nd7 8.O-O e6 9.Kh1 Ne7
10.Qe1 h6 11.f5 e5 12.dxe5 dxe5 13.Bc4 g5 14.Be3 Nc8 15.Bd5 Bxd5 16.Nxd5 Nd6
17.Nd2 Nf6 18.Nxf6+ Bxf6 19.Qe2 Qd7 20.c4 Qc6 21.Bg1 a5 22.Rfc1 Nb7 23.c5 bxc5
24.Rc4 Rd8 25.Rac1 O-O 26.Nb3 Be7 27.Nxc5 Bxc5 28.Bxc5 Nxc5 29.Rxc5 Qxa4
30.R5c4 Qb5 31.h4 Rd4 32.hxg5 Rxc4 33.Rxc4 hxg5 34.b3 Kg7 35.Qg4 Rh8+ 36.Kg1 Qb6+
37.Kf1 Qe3 38.f6+ Kxf6 39.Qf5+ Kg7 40.Qxe5+ Kg8 41.Qe8+ Kg7 42.Qe5+ Kg8 43.Qe8+  1/2-1/2

[Event "ArcelorMittal Open"]
[Site "Frydek Mistek CZE"]
[Date "2009.04.12"]
[Round "7"]
[White "Urbanski,G"]
[Black "Zochowski,P"]
[Result "1-0"]
[WhiteElo "2201"]
[BlackElo "2066"]

1.e4 g6 2.d4 Bg7 3.Nc3 d6 4.Nf3 Nf6 5.h3 O-O 6.Be3 e5 7.dxe5 dxe5 8.Qxd8 Rxd8
9.Bc4 Ne8 10.Nd5 Nc6 11.O-O-O Be6 12.Ng5 Nd6 13.Bb3 Bxd5 14.Bxd5 Ne7 15.Bb3 h6
16.Rxd6 Rxd6 17.Nxf7 Rf6 18.Nxh6+ Kh7 19.Ng4 Rc6 20.h4 b6 21.Bg5  1-0

[Event "11th European Senior Team"]
[Site "Velden AUT"]
[Date "2009.04.12"]
[Round "8"]
[White "Malmdin,N"]
[Black "Jamieson,P"]
[Result "1-0"]
[WhiteElo "2260"]
[BlackElo "2288"]

1.e4 g6 2.d4 Bg7 3.Nc3 d6 4.f4 Nc6 5.Be3 Nf6 6.Be2 O-O 7.d5 Nb8 8.g4 c6 9.g5 Nfd7
10.Bd4 Bxd4 11.Qxd4 Qb6 12.Qd2 Nc5 13.O-O-O Nbd7 14.h4 f6 15.h5 fxg5 16.hxg6 hxg6
17.f5 Ne5 18.Qxg5 Rf6 19.Qh6 Kf7 20.Qh8  1-0

[Event "11th European Senior Team"]
[Site "Velden AUT"]
[Date "2009.04.12"]
[Round "8"]
[White "Olesen,P"]
[Black "Lehtosaari,K"]
[Result "1-0"]
[WhiteElo "2039"]
[BlackElo "2031"]

1.e4 g6 2.d4 Bg7 3.Nc3 d6 4.Be3 Nf6 5.Qd2 Ng4 6.Bg5 h6 7.Bh4 g5 8.Bg3 Nc6
9.f3 Nf6 10.Nge2 O-O 11.O-O-O a5 12.Bf2 a4 13.g4 a3 14.b3 Nh7 15.Be3 e6 16.Bg2 f5
17.gxf5 exf5 18.f4 fxe4 19.Bxe4 Bf5 20.Rdg1 Qe7 21.Bd5+ Kh8 22.fxg5 hxg5
23.Bxg5 Nxg5 24.Rxg5 Qf6 25.Rh5+ Bh7 26.Be4 Rae8 27.Bxh7 Qf3 28.Bg6+ Kg8
29.Ng3 Bxd4 30.Bh7+ Kh8 31.Be4+ Qxh5 32.Nxh5 Re6 33.Nf4 Rff6 34.Nxe6 Rxe6
35.Qf4 Bg7 36.Qf5 Rxe4 37.Nxe4  1-0

[Event "11th European Senior Team"]
[Site "Velden AUT"]
[Date "2009.04.12"]
[Round "8"]
[White "Turian,H"]
[Black "Dornieden,M"]
[Result "1/2-1/2"]
[WhiteElo "2043"]
[BlackElo "2264"]

1.d4 d6 2.e4 g6 3.Nc3 Bg7 4.h3 a6 5.a4 Nc6 6.Nf3 Nf6 7.Bg5 h6 8.Be3 d5 9.exd5 Nxd5
10.Nxd5 Qxd5 11.c4 Qa5+ 12.Bd2 Qf5 13.Bc3 O-O 14.Bd3 Qf4 15.Qd2  1/2-1/2

[Event "XXVII Open"]
[Site "Metz FRA"]
[Date "2009.04.14"]
[Round "6"]
[White "Pucher,S"]
[Black "Chatalbashev,B"]
[Result "0-1"]
[WhiteElo "2278"]
[BlackElo "2571"]

1.e4 g6 2.d4 Bg7 3.Nc3 d6 4.g3 Nc6 5.Be3 Nf6 6.h3 O-O 7.Bg2 e5 8.Nge2 exd4
9.Nxd4 Bd7 10.a4 Re8 11.O-O Qc8 12.Kh2 Re5 13.Nde2 Rh5 14.Nf4 Ng4+ 15.Kg1 Nxe3
16.fxe3 Re5 17.Qf3 Re8 18.Nfd5 Ne5 19.Nf6+ Kh8 20.Qf4 Re6 21.Qh4 Bxf6 22.Rxf6 Qd8
23.Raf1 Rxf6 24.Qxf6+ Qxf6 25.Rxf6 Kg7 26.Rf2 Nc4 27.Nd1 Kf8 28.e5 Nxe5 29.Bxb7 Rb8
30.Bg2 Bxa4 31.b3 Bc6 32.Rf4 Rb6 33.Nc3 Bxg2 34.Kxg2 Rc6 35.Nb5 Rxc2+ 36.Rf2 Rc5
37.Nd4 Rc3 38.Ra2 Rxe3 39.Rxa7 Rd3 40.Ne2 c5 41.Rb7 Rd2 42.Kf1 Rb2 43.Rb6 Nc4
44.Rb8+ Kg7 45.Ke1 Rb1+  0-1

[Event "CCF Easter"]
[Site "Coulsdon ENG"]
[Date "2009.04.15"]
[Round "4"]
[White "Berelowitsch,A"]
[Black "McNab,C"]
[Result "1/2-1/2"]
[WhiteElo "2581"]
[BlackElo "2472"]

1.e4 g6 2.d4 d6 3.Nc3 Bg7 4.Be3 Nf6 5.Qd2 c6 6.Nf3 Qa5 7.h3 Nbd7 8.Be2 b5
9.e5 b4 10.exf6 bxc3 11.fxg7 cxd2+ 12.Bxd2 Qxd2+ 13.Nxd2 Rg8 14.Bf3 Rb8 15.Nb3 d5
16.O-O-O Nb6 17.Na5 Bd7 18.Rd3 Rxg7 19.Ra3 Rc8 20.Re1 Rc7 21.c4 Nxc4 22.Nxc4 dxc4
23.Re5 g5 24.Rc5 Kd8 25.Rxc4 g4 26.hxg4 Bxg4 27.g3 Bxf3 28.Rxf3 Kd7 29.Kc2 e6
30.Rc5 Kd6 31.Rf4 f5 32.Kd3 Rb7 33.b3 Rb5 34.Kc4 Rb6 35.Ra5 Rgb7 36.Rh4 Rb5
37.Rxb5 cxb5+ 38.Kb4 Kd5 39.a3 h5 40.Ka5 Rc7 41.Rxh5 Rc3 42.Kb4 Kxd4 43.Rh6 a5+
44.Kxb5 Rxb3+ 45.Ka4 Rf3 46.Rxe6  1/2-1/2

[Event "CCF Easter"]
[Site "Coulsdon ENG"]
[Date "2009.04.17"]
[Round "8"]
[White "Eggleston,D"]
[Black "Berelowitsch,A"]
[Result "1-0"]
[WhiteElo "2358"]
[BlackElo "2581"]

1.e4 g6 2.d4 Bg7 3.Nc3 d6 4.Be3 a6 5.Qd2 b5 6.Bd3 Bb7 7.a4 b4 8.Nce2 a5 9.Ng3 Nd7
10.Nf3 h5 11.Ng5 Ngf6 12.h3 e5 13.dxe5 Nxe5 14.f4 Nxd3+ 15.cxd3 O-O 16.O-O Qd7
17.f5 Rae8 18.Nf3 c5 19.e5 Nd5 20.Bh6 dxe5 21.Bxg7 Kxg7 22.Nxh5+ Kh7 23.Ng5+ Kh8
24.fxg6 fxg6 25.Nf7+ Rxf7 26.Qh6+ Kg8 27.Qxg6+ Kf8 28.Qg7+  1-0

[Event "CCF Easter"]
[Site "Coulsdon ENG"]
[Date "2009.04.18"]
[Round "11"]
[White "Berelowitsch,A"]
[Black "Sowray,P"]
[Result "1/2-1/2"]
[WhiteElo "2581"]
[BlackElo "2311"]

1.e4 g6 2.d4 Bg7 3.Nc3 d6 4.Be3 a6 5.Qd2 b5 6.a4 b4 7.Nce2 Bb7 8.Ng3 c5 9.Nf3 Nd7
10.Bd3 Ngf6 11.Bh6 Bxh6 12.Qxh6 cxd4 13.O-O e5 14.Nd2 Ng4 15.Qh3 h5 16.Nc4 Nb6
17.Nxb6 Qxb6 18.Ne2 Rc8 19.a5 Qc6 20.Ng3 d5 21.exd5 Qxd5 22.Rfe1 f5 23.Nxf5 gxf5
24.Bxf5 O-O 25.Bxg4 hxg4 26.Qxg4+ Kh8 27.Qh5+ Kg7 28.Qg5+ Kh7 29.Qh5+ Kg7
30.Qg5+ Kh7 31.Rxe5 Qxg2+ 32.Qxg2 Bxg2 33.Kxg2 Rxc2 34.Rf1 Rxb2 35.Rd5 Rd2
36.Rd7+ Kg6 37.Rb7 Rb2 38.Rb6+ Kf5 39.Re1 Rc8 40.Kf1 Rh8 41.Kg2 Rg8+ 42.Kf1 Rh8
43.Kg2  1/2-1/2

[Event "TCh-NED 2008-9"]
[Site "Netherlands NED"]
[Date "2009.04.18"]
[Round "8"]
[White "Van de Griendt,JW"]
[Black "Roobol,M"]
[Result "1/2-1/2"]
[WhiteElo "2357"]
[BlackElo "2330"]

1.d4 g6 2.e4 Bg7 3.Nc3 d6 4.Be3 a6 5.a4 Nd7 6.Nf3 e6 7.Qd2 h6 8.Bd3 Ne7 9.O-O b6
10.Ne2 Bb7 11.c4 Nf6 12.Qc2 O-O 13.h3 Nd7 14.b4 c5 15.Rab1 cxd4 16.Nexd4 Qc7
17.Rfc1 Rac8 18.Qe2 Qb8 19.Nb3 Nc6 20.Nbd2 Qa8 21.Bc2 a5 22.bxa5 bxa5 23.Qd3 Rfd8
24.Qxd6 Nde5 25.Qa3 Nb4 26.Nxe5 Bxe5 27.f3 Bd4 28.Bxd4 Rxd4 29.Qe3 Rcd8 30.Nb3 Rxc4
31.Bd1 Rxc1 32.Rxc1 Bc6 33.Nc5 Kh7 34.Kh2  1/2-1/2

[Event "CCF Easter"]
[Site "Coulsdon ENG"]
[Date "2009.04.19"]
[Round "13"]
[White "Eggleston,D"]
[Black "Sowray,P"]
[Result "1-0"]
[WhiteElo "2358"]
[BlackElo "2311"]

1.e4 g6 2.d4 Bg7 3.Nc3 d6 4.Be3 a6 5.Qd2 Nd7 6.h4 h5 7.Nh3 b5 8.Ng5 Bb7 9.f3 Ngf6
10.Ne2 c5 11.c3 e5 12.d5 O-O 13.g3 Nb6 14.b3 Qe7 15.Bh3 Rad8 16.g4 hxg4 17.fxg4 Nbxd5
18.exd5 Nxd5 19.O-O Bh6 20.Bg2 Nxe3 21.Qxe3 Bxg2 22.Kxg2 f6 23.Qe4 fxg5 24.Qxg6+ Qg7
25.Qe6+ Kh8 26.h5 Rfe8 27.Qd5 Qd7 28.Rf5 Rf8 29.Ng3 Rxf5 30.Nxf5 Bf8 31.Rf1 Re8
32.Ne3 Bg7 33.Rf7 Qe6 34.Qb7 Bh6 35.Nf5 Kg8 36.Rg7+ Kf8 37.Nxh6  1-0

[Event "11th Dubai Open"]
[Site "Dubai UAE"]
[Date "2009.04.27"]
[Round "2"]
[White "Grover,S"]
[Black "Sturua,Z"]
[Result "1-0"]
[WhiteElo "2234"]
[BlackElo "2514"]

1.e4 g6 2.d4 Bg7 3.Nc3 d6 4.Bg5 Nd7 5.Qd2 a6 6.O-O-O c5 7.Nf3 cxd4 8.Nxd4 Ngf6
9.Bh6 O-O 10.h4 Nb6 11.Bxg7 Kxg7 12.h5 e5 13.Nf3 Nxh5 14.Nxe5 Be6 15.Qe3 Qf6
16.Rxd6 Qxe5 17.Rxb6 Rab8 18.g3 Rfc8 19.Be2 Nf6 20.Qh6+ Kg8 21.f4 Qd4 22.e5 Rxc3
23.exf6 Rxc2+ 24.Kb1 Qxf6 25.Qxh7+ Kf8 26.Qh8+ Qxh8 27.Rxh8+ Kg7 28.Rxb8 Rxe2
29.R8xb7 Re1+ 30.Kc2 Bxa2 31.Rxa6 Bd5 32.Rb4 Re2+ 33.Kd3 Rg2 34.Kd4 Be6 35.Ra3 Kf6
36.Rc3 Kf5 37.Rb7 Kg4 38.b4 Bf5 39.Kd5 Rb2 40.b5  1-0

[Event "11th Dubai Open"]
[Site "Dubai UAE"]
[Date "2009.04.30"]
[Round "5"]
[White "Hossain,Enam"]
[Black "Bachmann,Ax"]
[Result "0-1"]
[WhiteElo "2531"]
[BlackElo "2555"]

1.e4 g6 2.d4 Bg7 3.Nc3 d6 4.Bg5 c6 5.Qd2 Nd7 6.f4 b5 7.Nf3 Nb6 8.h3 b4 9.Nd1 c5
10.c3 bxc3 11.Nxc3 cxd4 12.Nxd4 Bd7 13.a4 Rc8 14.Ndb5 Bxb5 15.Bxb5+ Kf8 16.O-O Nc4
17.Bxc4 Rxc4 18.e5 Qb6+ 19.Kh1 h6 20.Nd5 Rd4 21.Qc3 Qc5 22.Qb3 Bxe5 23.Nxe7 Rb4
24.Nxg6+ Kg7 25.Qf3 Bxb2 26.Nxh8 Bxa1 27.Nxf7 Kxf7 28.Rxa1 hxg5 29.fxg5+ Kg7
30.Rf1 Rh4 31.g6 Qd4 32.Qb7+ Kh8 33.Rf7 Qa1+ 34.Kh2 Qe5+ 35.g3 Qe2+ 36.Qg2 Rxh3+
37.Kg1 Qe1+ 38.Qf1 Qxg3+ 39.Qg2 Qe1+ 40.Qf1 Qe3+ 41.Qf2 Rg3+ 42.Kf1 Qd3+
43.Qe2 Qb1+  0-1

[Event "84th ch-ARG Semifinal"]
[Site "La Plata ARG"]
[Date "2009.05.01"]
[Round "2"]
[White "Tenti,J"]
[Black "Tristan,L"]
[Result "0-1"]
[WhiteElo "2125"]
[BlackElo "2393"]

1.e4 g6 2.d4 Bg7 3.Nc3 d6 4.Nf3 a6 5.a4 b6 6.Be2 Bb7 7.O-O e6 8.Be3 Nd7 9.Qd2 h6
10.Rad1 Ne7 11.Ne1 d5 12.exd5 exd5 13.Nf3 Nf6 14.Bf4 Ne4 15.Qc1 g5 16.Bg3 Nxg3
17.hxg3 Qd6 18.Rfe1 O-O 19.Bf1 Ng6 20.Qd2 Rad8 21.Ne2 c5 22.c3 c4 23.b4 Bc8
24.Nh2 Bd7 25.Ra1 f5 26.f4 g4 27.a5 b5 28.Nc1 h5 29.Qf2 h4 30.gxh4 Nxf4 31.g3 Nh5
32.Ne2 Bh6 33.Bg2 f4  0-1

[Event "Moscow Region Spring GM"]
[Site "Serpukhov RUS"]
[Date "2009.05.01"]
[Round "1"]
[White "Potapov,P"]
[Black "Belov,Ig1"]
[Result "0-1"]
[WhiteElo "2430"]
[BlackElo "2443"]

1.e4 d6 2.d4 g6 3.Nc3 Bg7 4.g3 Nf6 5.Bg2 O-O 6.Nge2 e5 7.O-O c6 8.h3 b5 9.a3 Bb7
10.g4 exd4 11.Nxd4 Nbd7 12.Kh1 Re8 13.f4 a6 14.Nde2 c5 15.Ng3 b4 16.axb4 cxb4
17.Nd5 Nxd5 18.exd5 Rc8 19.f5 Rc4 20.fxg6 fxg6 21.Qf3 Ne5 22.Qb3 Qc7 23.Bf4 Rxc2
24.Ne4 Rc8 25.Rae1 Nf7 26.Rc1 Rxc1 27.Rxc1 Qb6 28.Rf1 a5 29.Qg3 Qd4 30.Be3 Qe5
31.Bf4 Qxb2 32.Bxd6 Rc1 33.Qd3 Rxf1+ 34.Qxf1 Bxd5 35.Qb5 Qa1+ 36.Kh2 Be5+
37.Bxe5 Qxe5+ 38.Ng3 Bxg2  0-1